000 00323nam a22001337a 4500
003 OSt
005 20160727222407.0
008 160624b xxu||||| |||| 00| 0 eng d
100 _9893
_aMacDonald, G
245 _aA Quiet Neibhourhood
260 _aILL
_b Victor Books
_c1985
300 _aA Quiet Neibhourhood
942 _2ddc
_cBK
999 _c709
_d709